CORPORATE MAN TO CORPORATE SKUNK THE TOM (Record no. 8173)
[ view plain ]
| 000 -LEADER | |
|---|---|
| fixed length control field | 00341nam a2200133Ia 4500 |
| 008 - FIXED-LENGTH DATA ELEMENTS--GENERAL INFORMATION | |
| fixed length control field | 240624s9999 xx 000 0 und d |
| 041 ## - LANGUAGE CODE | |
| Language code of text/sound track or separate title | eng |
| 082 ## - DEWEY DECIMAL CLASSIFICATION NUMBER | |
| Classification number | 658 CRA |
| 100 ## - MAIN ENTRY--PERSONAL NAME | |
| Personal name | CRAINER STUART |
| 245 ## - TITLE STATEMENT | |
| Title | CORPORATE MAN TO CORPORATE SKUNK THE TOM |
| 260 ## - PUBLICATION, DISTRIBUTION, ETC. | |
| Date of publication, distribution, etc. | 1997 |
| Place of publication, distribution, etc. | Oxford |
| Name of publisher, distributor, etc. | Capstone |
| 300 ## - PHYSICAL DESCRIPTION | |
| Extent | xvi, : 304 : p. : cm. ; 23 |
| 365 ## - TRADE PRICE | |
| Currency code | |
| Price amount | 35 |
| Withdrawn status | Lost status | Damaged status | Not for loan | Home library | Current library | Shelving location | Date acquired | Source of acquisition | Cost, normal purchase price | Full call number | Barcode | Date last seen | Copy number | Price effective from | Koha item type |
|---|---|---|---|---|---|---|---|---|---|---|---|---|---|---|---|
| IMTN | IMTN | Rack 22-A | 01/23/2008 | BU | 29.95 | 658 CRA | 8173 | 06/24/2024 | 39.27 | 06/24/2024 | Books |